Statystyki dla Kształty państw na literę B

Kliknij tutaj aby rozwiązać quiz!

Ogólne statystyki

  • Ten quiz został rozwiązany 65 razy
  • Średni wynik to 10 z 17

Statystyki odpowiedzi

Odpowiedź% Poprawnych
Brazylia
96%
Bahamy
82%
Bośnia i Hercegowina
80%
Bangladesz
78%
Benin
78%
Białoruś
78%
Belgia
73%
Bułgaria
65%
Botswana
61%
Boliwia
57%
Burkina Faso
53%
Brunei
47%
Barbados
43%
Belize
43%
Bhutan
43%
Bahrajn
35%
Burundi
33%

Rozkład punktacji

Percentyl według liczby udzielonych odpowiedzi

Procent ludzi z każdym wynikiem

Twoja historia wyników

Nie rozwiązałeś tego quizu